00719cam a2200193 a 450000100070000000500170000700800410002402000320006502000220009705000220011908200120014110000260015324500620017926000480024130000270028965000300031685600890034685600900043572613920241218113525.0980514s1999 nyu b 001 0 eng  a0195123522 (acidfree paper) a0195123530 (pbk.)00aPE1361b.B47 199900a4252211 aBerk, Lynn M.,d1943-10aEnglish syntax :bfrom word to discourse /cLynn M. Berk. aNew York :bOxford University Press,c1999. axvii, 315 p. ;c24 cm. 0aEnglish languagexSyntax.423Publisher descriptionuhttp://www.loc.gov/catdir/enhancements/fy0604/98023348-d.html413Table of contents onlyuhttp://www.loc.gov/catdir/enhancements/fy0604/98023348-t.html